[Event "Challenge"]
[Site "http://www.queenalice.com/game.php?id=271462"]
[Date "2007.9.14"]
[Round "-"]
[White "Siline"]
[Black "Tlaloc2k"]
[Result "1-0"]
[WhiteElo "1495"]
[BlackElo "1453"]

1. e4 e5 2. Nf3 Nc6 3. Bc4 h6 4. d4 Qf6 5. dxe5 Nxe5 6. Nxe5 Qxe5 7. Qf3 Nf6 8.
Nc3 Bb4 9. Bd2 O-O 10. O-O d6 11. h3 a6 12. a3 Ba5 13. Bf4 Qe7 14. Rfe1 Bxc3 15.
Qxc3 b5 16. Ba2 Bb7 17. e5 Nd5 18. Bxd5 Bxd5 19. exd6 Qh4 20. Bg3 Qc4 21. Qxc4
Bxc4 22. dxc7 Rac8 23. Re7 Rfe8 24. Rae1 Bd5 25. Rxe8+ Rxe8 26. Rxe8+ Kh7 27.
c8=Q 1-0

[Event "Challenge"]
[Site "http://www.queenalice.com/game.php?id=271463"]
[Date "2007.9.14"]
[Round "-"]
[White "Siline"]
[Black "Tlaloc2k"]
[Result "0-1"]
[WhiteElo "1466"]
[BlackElo "1547"]

1. e4 e5 2. Nf3 d6 3. d4 Qe7 4. Nc3 Nd7 5. Bd3 a6 6. Be3 c5 7. d5 h6 8. O-O b5
9. Be2 Ngf6 10. Nb1 Nxe4 11. Nbd2 Ndf6 12. Nxe4 Nxe4 13. Bd3 Bf5 14. b3 Nc3 15.
Qd2 Ne4 16. Bxe4 Bxe4 17. Qd1 Qb7 18. c4 b4 19. Re1 O-O-O 20. a3 g5 21. h3 Bg7
22. axb4 Bxf3 23. Qxf3 e4 24. Qxe4 Bxa1 25. Rxa1 Rhe8 26. Qf5+ Kb8 27. bxc5 Qd7
28. Qxd7 Rxd7 29. Rxa6 f5 30. cxd6 Rb7 31. Bb6 Re1+ 32. Kh2 Rb1 33. Bc7+ Kc8 34.
Ra8+ Kd7 0-1

[Event "AUTO-INT-616"]
[Site "http://www.queenalice.com/game.php?id=271580"]
[Date "2007.9.14"]
[Round "1"]
[White "Augustodombosco"]
[Black "Siline"]
[Result "1-0"]
[WhiteElo "1569"]
[BlackElo "1426"]

1. e4 e5 2. Nf3 Nc6 3. Bb5 Nge7 4. d3 d6 5. c4 g6 6. Bg5 Bg7 7. Nc3 O-O 8. Qa4
f6 9. Be3 Bg4 10. Nd2 a6 11. Bxc6 Nxc6 12. O-O Bd7 13. Nf3 1-0

[Event "AUTO-INT-616"]
[Site "http://www.queenalice.com/game.php?id=271581"]
[Date "2007.9.14"]
[Round "1"]
[White "Siline"]
[Black "Augustodombosco"]
[Result "0-1"]
[WhiteElo "1449"]
[BlackElo "1546"]

1. e4 d5 2. exd5 Qxd5 3. Nc3 Qd8 4. d4 Nc6 5. Nf3 Bg4 6. Bb5 e6 7. Bxc6+ bxc6 8.
Be3 Bb4 9. O-O Qf6 10. Qe2 Bxf3 11. Qxf3 Qxf3 12. gxf3 Nf6 13. Ne4 O-O-O 0-1

[Event "AUTO-INT-616"]
[Site "http://www.queenalice.com/game.php?id=271596"]
[Date "2007.9.14"]
[Round "1"]
[White "Siline"]
[Black "bleve"]
[Result "0-1"]
[WhiteElo "1477"]
[BlackElo "1599"]

1. e4 e5 2. Nf3 Nc6 3. Bc4 Bc5 4. Nc3 d6 5. d3 Nd4 6. Nxd4 Bxd4 7. Bd2 Qf6 8.
O-O Qg6 9. Qf3 h6 10. Rab1 Bg4 11. Qg3 Nf6 12. h3 c6 13. hxg4 Qxg4 14. Qxg4 Nxg4
15. Ne2 Bxf2+ 16. Rxf2 f6 17. Rf3 b5 18. Be6 h5 19. Bxg4 hxg4 20. Rg3 Rh4 21.
Nc3 Kf7 22. Nd1 Rah8 23. Kf2 g6 24. Ne3 a5 25. Rxg4 Rh2 0-1

[Event "AUTO-OPEN-829"]
[Site "http://www.queenalice.com/game.php?id=271636"]
[Date "2007.9.14"]
[Round "1"]
[White "Augustodombosco"]
[Black "Siline"]
[Result "1-0"]
[WhiteElo "1558"]
[BlackElo "1437"]

1. e4 e5 2. Nf3 Nc6 3. Bb5 Nge7 4. Nc3 g6 5. d3 Bg7 6. Bxc6 Nxc6 7. Nd5 d6 8. h3
O-O 9. Bg5 f6 10. Be3 Ne7 11. Qd2 Nxd5 12. exd5 f5 13. Bh6 Bd7 14. O-O-O 1-0

[Event "AUTO-OPEN-829"]
[Site "http://www.queenalice.com/game.php?id=271637"]
[Date "2007.9.14"]
[Round "1"]
[White "Siline"]
[Black "Augustodombosco"]
[Result "1-0"]
[WhiteElo "1468"]
[BlackElo "1743"]

1. e4 d5 2. exd5 Qxd5 3. Nc3 Qa5 4. d4 e5 5. dxe5 Qxe5+ 6. Be3 Bb4 7. Ne2 Nf6 8.
g3 Bg4 9. Qd2 Ne4 10. Rd1 Nxd2 11. Bxd2 O-O 12. a3 Bxc3 13. Bxc3 Qe4 14. Rg1
Qxc2 15. Rd2 Qe4 16. Bg2 Bf3 17. Bxf3 Qe6 18. Bxb7 Nc6 19. Bxa8 Rxa8 20. Kf1 Ne5
21. Kg2 Ng4 22. Re1 Qe4+ 23. Kg1 h5 24. Rdd1 h4 25. Nf4 1-0

[Event "AUTO-OPEN-829"]
[Site "http://www.queenalice.com/game.php?id=271664"]
[Date "2007.9.14"]
[Round "1"]
[White "Siline"]
[Black "gabrielbrenner"]
[Result "0-1"]
[WhiteElo "1451"]
[BlackElo "1844"]

1. e4 e5 2. Nf3 Nc6 3. Bc4 Bc5 4. Nc3 Nf6 5. d3 h6 6. Be3 Bb6 7. O-O O-O 8. Bb3
d6 9. h3 Be6 10. Qd2 Qc8 0-1

[Event "AUTO-OPEN-829"]
[Site "http://www.queenalice.com/game.php?id=271665"]
[Date "2007.9.14"]
[Round "1"]
[White "gabrielbrenner"]
[Black "Siline"]
[Result "0-1"]
[WhiteElo "1797"]
[BlackElo "1438"]

1. e4 e5 2. Nf3 Nc6 3. Bc4 Bc5 4. O-O Nf6 5. Nc3 d6 6. h3 Be6 7. Bb3 O-O 8. d3
h6 9. Be3 Bb6 10. Qc1 Kh7 11. Ne2 Bxb3 12. axb3 Nd7 13. Ng3 Ne7 14. Nh4 Bxe3 15.
fxe3 d5 16. exd5 Nxd5 17. e4 Nf4 18. Nhf5 Qg5 19. Nh1 Qxg2# 0-1

[Event "AUTO-OPEN-829"]
[Site "http://www.queenalice.com/game.php?id=271667"]
[Date "2007.9.14"]
[Round "1"]
[White "KOSTENIUK"]
[Black "Siline"]
[Result "0-1"]
[WhiteElo "1632"]
[BlackElo "1413"]

1. e4 e5 2. Nc3 Nf6 3. Bc4 Bc5 4. Nge2 Ng4 5. O-O Qh4 6. h3 Nxf2 7. Rxf2 Qxf2+
8. Kh1 d6 9. Nd5 Bb6 10. Nxb6 axb6 11. d3 Nc6 12. Ng1 O-O 0-1

[Event "siline vs pacou"]
[Site "http://www.queenalice.com/game.php?id=305649"]
[Date "2007.11.17"]
[Round "-"]
[White "pacou93"]
[Black "Siline"]
[Result "1-0"]
[WhiteElo "1687"]
[BlackElo "1474"]

1. e4 c5 2. Nf3 d6 3. Nc3 a6 4. Bc4 Nc6 5. O-O Nf6 6. d3 e6 7. h3 Be7 8. Be3 O-O
9. Ne2 b5 10. Bb3 Bb7 11. a3 Qc7 12. c3 d5 13. Bf4 Bd6 14. Qd2 dxe4 15. Bxd6
Qxd6 16. dxe4 Nxe4 17. Qxd6 Nxd6 18. Rad1 Nf5 19. Nf4 Rad8 20. Rxd8 Rxd8 21. Rd1
Rxd1+ 22. Bxd1 Na5 23. Ne5 f6 24. Nd7 1-0

[Event "Challenge"]
[Site "http://www.queenalice.com/game.php?id=308303"]
[Date "2007.11.22"]
[Round "-"]
[White "Siline"]
[Black "ilestlibremax"]
[Result "1-0"]
[WhiteElo "1467"]
[BlackElo "1313"]

1. e4 e6 2. d4 d5 3. e5 c5 4. c3 a6 5. Nf3 cxd4 6. cxd4 Nc6 7. Nc3 Bd7 8. Be3
Be7 9. Bd3 f6 10. O-O fxe5 11. Nxe5 Nf6 12. f4 O-O 13. a3 b5 14. b4 Rc8 15. Rc1
Na7 16. Na2 Rxc1 17. Qxc1 Nc8 18. Qd2 Nb6 19. Rc1 1-0

[Event "Challenge"]
[Site "http://www.queenalice.com/game.php?id=315656"]
[Date "2007.12.6"]
[Round "-"]
[White "Siline"]
[Black "enzoiazo"]
[Result "0-1"]
[WhiteElo "1440"]
[BlackElo "2233"]

1. c4 Nf6 2. Nc3 d6 3. g3 Nbd7 4. Bg2 c6 5. d3 Qc7 6. Nf3 e5 7. O-O Be7 8. Bg5
O-O 9. Rb1 h6 10. Bxf6 Nxf6 11. b4 Bg4 12. b5 Rab8 13. a4 d5 14. cxd5 cxd5 15.
Qb3 Qd6 16. h3 Be6 17. Qb2 Rbc8 18. Rfc1 d4 19. Nd1 Nd7 20. Nd2 b6 21. Ne4 Qb8
22. Nd2 Nc5 23. Nc4 Nxa4 24. Qd2 Nc5 0-1

[Event "AUTO-INT-747"]
[Site "http://www.queenalice.com/game.php?id=333635"]
[Date "2008.1.9"]
[Round "1"]
[White "Siline"]
[Black "Mateuzao_99"]
[Result "0-1"]
[WhiteElo "1507"]
[BlackElo "1501"]

1. e4 e5 2. Nf3 Nf6 3. Nxe5 Qe7 4. Nf3 Qxe4+ 5. Qe2 Qxe2+ 6. Bxe2 d5 7. d4 Nc6
8. Nc3 Bb4 9. Bd2 Bxc3 10. Bxc3 O-O 0-1